States with the Most Provinces in HOI4 - Statistics

General Stats
  • This quiz has been taken 92 times
  • The average score is 6 of 20
Answer Stats
Country # of Provinces State % Correct
United States 57 California
76%
United States 49 Texas
75%
Australia 41 Western Australia
55%
Australia 42 New South Wales
53%
Dutch East Indies 42 Kalimantan
51%
Sweden 65 Lappland
50%
Australia 55 Queensland
49%
Dutch East Indies 55 Sumatra
48%
Canada 42 Quebec
39%
Siam 53 Siam
24%
Australia 44 Papua
21%
Norway 45 Nord-Norge
16%
British Raj 51 Burma
15%
Finland 40 Uusimaa
14%
Soviet Union 51 Arkhangelsk
13%
Sweden 64 Norrland
13%
Finland 46 Savo
10%
Norway 41 Østlandet
5%
Soviet Union 70 Vologda
5%
Soviet Union 65 Kirov
4%
No matching quizzes found
Score Distribution
Percent of People with Each Score
Percentile by Number Answered
Your Score History
You have not taken this quiz